Normal view
MARC view
- Gopika, P. N
Entry Personal Name
001 - CONTROL NUMBER
- control field: 4713
003 - CONTROL NUMBER IDENTIFIER
- control field: OSt
005 - DATE AND TIME OF LATEST TRANSACTION
- control field: 20200824143736.0
008 - FIXED-LENGTH DATA ELEMENTS
- fixed length control field: 200824|| aca||aabn | a|a d
040 ## - CATALOGING SOURCE
- Original cataloging agency: OSt
- Transcribing agency: OSt
100 ## - HEADING--PERSONAL NAME
- Personal name: Gopika, P. N
670 ## - SOURCE DATA FOUND
- Source citation: Work cat.: (OSt): Ashwathi, K. C 4710, Study on drying processes for the production and evaluation of Moringa Leaf powder and optimization of drying method, 2020
